000 00958nam a2200289Ia 4500
003 OSt
005 20220918171035.0
006 a|||||r|||| 00| 0
007 ta
008 220917b |||||||| |||| 00| 0 eng d
020 _a9781138124455 (pbk)
_cUKP 31.99
024 _a324,440
037 _b1477, 29/01/2018, Bright Book Service
_cTextual
040 _aARTS
_cARTS
_beng
041 _2eng
_aeng
082 _aS8:4, Q8
100 _aGreifender Rainer Au.
_933462
245 0 _aSocial cognition
_b how individuals construct social reality
250 _a2nd
260 _aLondon
_bRoutledge UK
_c2018
300 _axvi,262p.
_ccm.
650 _aCOGNITIVE STYLES; SOCIAL PSYCHOLOGY
_933463
700 _a Bless Herbert Au.
_933464
700 _a Fiedler Klaus Au.
_933465
942 _hS8:4, Q8
_cTEXL
_2CC
999 _c137483
_d137483